Methods of precision polshing using new conceptions of grinding tools / (Rekord nr 2821)
| 000 -ETYKIETA REKORDU | |
|---|---|
| podpole kontrolne o stałej długości | 01850naa a22002651i 4500 |
| 001 - NUMER KONTROLNY REKORDU | |
| podpole kontrolne | 2821 |
| 003 - IDENTYFIKATOR NUMERU KONTROLNEGO REKORDU | |
| podpole kontrolne | KOSZ 005 |
| 005 - DATA OSTATNIEJ MODYFIKACJI REKORDU | |
| podpole kontrolne | 20190606151713.0 |
| 008 - POLE O STAŁEJ DŁUGOŚCI - DANE KONTROLNE | |
| podpole kontrolne o stałej długości | 140602s2004 pl f |000 0 pol d |
| 040 ## - ŹRÓDŁO KATALOGOWANIA | |
| Instytucja, która utworzyła rekord | BPK |
| Instytucja, która dokonała modyfikacji | KOSZ 005/ac |
| 041 ## - KOD JĘZYKA | |
| Kod języka tekstu | eng |
| Kod języka streszczenia lub abstraktu | pol |
| 044 ## - KOD KRAJU WYDAWCY/PRODUCENTA | |
| Kod kraju wydawcy/producenta | POL |
| 080 ## - UNIWERSALNA KLASYFIKACJA DZIESIĘTNA - UKD | |
| UKD | 621.922/.924 |
| 100 1# - NAZWA OSOBOWA | |
| Nazwa osobowa | MAKUCH, Sławomir Jacek. |
| Instytucja | Politechnika Koszalińska - Wydział Mechaniczny, |
| Wydział | Katedra Mechaniki Precyzyjnej |
| 245 31 - TYTUŁ/ODPOWIEDZIALNOŚĆ | |
| Tytuł | Methods of precision polshing using new conceptions of grinding tools / |
| Pozostałe elementy strefy tytułu i oznaczenia odpowiedzialności | Sławomir Makuch, Wojciech Kacalak, Robert Cincio. |
| 246 31 - WARIANT TYTUŁU | |
| Tytuł | Metody precyzyjnego wygładzania z wykorzystaniem nowych koncepcji narzędzi ściernych |
| 500 ## - UWAGI OGÓLNE | |
| Tekst uwagi | Dane z autopsji. |
| 520 ## - UWAGA DOTYCZĄCA TREŚCI DOKUMENTU | |
| Analiza dokumentacyjna, adnotacja itp. | Kształtowanie powierzchni w obróbce bardzo dokładnej wymaga niewielkiego zagłębienia ostrza w materiał obrabiany - mikroskrawania. Artykuł przedstawia analizę procesu mikroskrawania ziarnami ściernymi umieszczonymi na podatnym nośniku z uwzględnieniem typowej cechy tych narzędzi polegającej na lokalnym oddziaływaniu między sąsiednimi ziarnami podczas obróbki. W artykule zaprezentowano również nowe koncepcje kształtowania nieciągłości czynnej powierzchni podatnych narzędzi ściernych dla uzyskania określonych efektów obróbki dotyczących struktury geometrycznej powierzchni a także wyniki symulacji matematycznych procesu wygładzania podatnymi narzędziami ściernymi. |
| 650 #0 - HASŁO PRZEDMIOTOWE W FORMIE NAZWY OGÓLNEJ LUB JEDNOSTKOWEJ | |
| Nazwa ogólna lub geograficzna | Skrawanie - narzędzia i maszyny. |
| 650 #0 - HASŁO PRZEDMIOTOWE W FORMIE NAZWY OGÓLNEJ LUB JEDNOSTKOWEJ | |
| Nazwa ogólna lub geograficzna | Szlifowanie |
| 700 1# - HASŁO DODATKOWE - NAZWA OSOBOWA | |
| Nazwa osobowa | KACALAK, Wojciech. |
| Lata pracy | 1996 - . |
| Instytucja | Politechnika Koszalińska - Wydział Mechaniczny, |
| Wydział | Katedra Mechaniki Precyzyjnej |
| 700 1# - HASŁO DODATKOWE - NAZWA OSOBOWA | |
| Nazwa osobowa | CINCIO, Robert. |
| Lata pracy | 2007 - . |
| Instytucja | Politechnika Koszalińska - Wydział Mechaniczny, |
| Wydział | Katedra Mechaniki Precyzyjnej |
| 773 0# - TYTUŁ DOKUMENTU MACIERZYSTEGO | |
| Wyrażenie wprowadzające | W : |
| Tytuł | Elektronika. - |
| Informacje dotyczące relacji | 2004, R. 65, nr 8-9, s. 178-181 |
| 942 ## - HASŁO DODATKOWE - ELEMENTY(KOHA) | |
| Typ dokumentu | Artykuł |
| Schemat klasyfikacji | Uniwersalna klasyfikacja dziesiętna |
| Wycofany | Zagubiony | Uszkodzony | Dostępność | Lokalizacja stała | Lokalizacja bieżąca | Sygnatura | Typ dokumentu |
|---|---|---|---|---|---|---|---|
| Dostępny | Bibliografia Prac Pracowników - BPK | Bibliografia Prac Pracowników - BPK | 0674 | Artykuł |
